000
00318nam a22001457a 4500
008
210602b ||||| |||| 00| 0 eng d
020
_a
9780136065722
041
_a
eng
080
_2
11th
_a
37
082
_a
37
100
_a
46
101
_a
EDU
245
_a
College Accounting
_c
Jeffrey Slater
942
_2
udc
_c
BK
999
_c
57895
_d
57895